| 000 | 00456nam a2200121 a 4500 | ||
|---|---|---|---|
| 008 | 120416s2004 ||||||||||||||||| || u | ||
| 050 | _aIBRD(08)WP | ||
| 245 | 1 | 0 | _aState-Society synergy for accountability |
| 246 | _alessons for the World Bank | ||
| 260 |
_aWashington, D.C. _bWorld Bank _c2004 |
||
| 350 | _a0.00 | ||
| 995 |
_D0.00 _FCBU-MAIN LIBRARY (Kitwe) _H1 _I0.00 _M1 _UAVAILABLE _ZInternational Publications |
||
| 999 |
_c58238 _d58238 |
||